000 00363nam a22001217a 4500
999 _c15443
_d15443
020 _a9789386546005
082 _a635.9
_bSIN/TE
100 _aSingh ,anil K .
_93147
245 _aTextbook of floriculture and landscaping /
260 _aNew delhi ;
_bA paperback division of new india publishing agency ,
_c2017 .
700 _aSisodia , anjana .
_93148
942 _cBK